Greatest Czech/Slovak Players in NHL History - Statistics

General Stats
  • This quiz has been taken 137 times
  • The average score is 11 of 20
Answer Stats
Hint Career Player % Correct
Forwards 1991 - 2018 Jaromír Jágr
99%
Goaltenders 1991 - 2008 Dominik Hašek
88%
Forwards 2015 - Present David Pastrňák
84%
Defencemen 1998 - 2022 Zdeno Chára
79%
Forwards 1996 - 2016 Patrik Eliáš
74%
Forwards 1998 - 2017 Marián Hossa
71%
Forwards 1981 - 1995 Peter Šťastný
63%
Goaltenders 1997 - 2013 Tomáš Vokoun
61%
Forwards 2001 - 2018 Marián Gáborík
60%
Forwards 1959 - 1980 Stan Mikita
60%
Forwards 1999 - 2013 Milan Hejduk
59%
Forwards 1991 - 2007 Peter Bondra
57%
Forwards 1994 - 2010 Pavol Demitra
52%
Forwards 1994 - 2006 Ziggy Pálffy
46%
Defencemen 1999 - 2013 Tomáš Kaberle
40%
Defencemen 2001 - 2015 Ľubomír Višňovský
32%
Defencemen 1993 - 2013 Roman Hamrlík
31%
Forwards 1996 - 2012 Petr Sýkora
26%
Defencemen 2004 - 2016 Marek Židlický
23%
Defencemen 1985 - 2001 Petr Svoboda
21%
No matching quizzes found
Score Distribution
Percent of People with Each Score
Percentile by Number Answered
Your Score History
You have not taken this quiz